Metóda porovnateľnej nezávislej ceny
S rastom globalizácie rastie aj počet spoločností, ktoré svoje aktivity vykonávajú celosvetovo prostredníctvom rôznych pobočiek, dcérskych spoločností, stálych prevádzkarní a iných foriem. Nadnárodná spoločnosť, resp. skupina tvorená podnikmi pôsobiacimi v rôznych krajinách, usmerňujú svoje podnikat...
Salvato in:
| Autore principale: | |
|---|---|
| Natura: | Capitolo di libro |
| Lingua: | slovacco |
| Soggetti: | |
| Tags: |
Nessun Tag, puoi essere il primo ad aggiungerne!!
|
MARC
| LEADER | 00000nla$a2200000$$$4500 | ||
|---|---|---|---|
| 001 | 0084278 | ||
| 005 | 20240502071941.3 | ||
| 041 | 0 | |a slo | |
| 044 | |a SK | ||
| 245 | 1 | 0 | |a Metóda porovnateľnej nezávislej ceny |c Zuzana Kvasničková |
| 520 | |a S rastom globalizácie rastie aj počet spoločností, ktoré svoje aktivity vykonávajú celosvetovo prostredníctvom rôznych pobočiek, dcérskych spoločností, stálych prevádzkarní a iných foriem. Nadnárodná spoločnosť, resp. skupina tvorená podnikmi pôsobiacimi v rôznych krajinách, usmerňujú svoje podnikateľské aktivity na báze využívania komparatívnych výhod. Aby bol zisk skupiny rozdelený spravodlivo medzi spoločnosti, ktoré v rámci nej pôsobia a teda aj medzi jednotlivé daňové správy, používajú sa rôzne metódy transferového oceňovania založené na cene a zisku, prostredníctvom ktorých je možné overiť, či ceny používané medzi podnikmi v rámci skupiny, resp. medzi prepojenými spoločnosťami sú v súlade s princípom nezávislého vzťahu. Metódy transferového oceňovania založené na cene a na zisku, iné metódy. Aplikácia metódy porovnateľnej nezávislej ceny. | ||
| 610 | 2 | 0 | |a spoločnosti nadnárodné |
| 610 | 2 | 0 | |a obchod |
| 610 | 2 | 0 | |a operácie obchodné |
| 610 | 2 | 0 | |a oceňovanie transferové |
| 610 | 2 | 0 | |a ceny |
| 610 | 2 | 0 | |a zdaňovanie medzinárodné |
| 100 | 1 | |a Kvasničková, Zuzana | |